[Event "San Francisco TNM Marathon op"]
[Site "San Francisco"]
[Date "2012.09.25"]
[Round "9"]
[White "Flores Gomez, David"]
[Black "DeLenea, Digne"]
[Result "1-0"]
[WhiteElo "1605"]
[BlackElo "1906"]
[PlyCount "77"]
[EventDate "2012.07.31"]
[EventType "swiss"]
[EventRounds "9"]
[EventCountry "USA"]
[SourceTitle "EXT 2014"]
[Source "ChessBase"]
[SourceDate "2013.11.20"]
[SourceVersion "1"]
[SourceVersionDate "2013.11.20"]
[SourceQuality "1"]

1. e4 e6 2. d4 c5 3. Nf3 cxd4 4. Nxd4 Bc5 5. Nc3 Nc6 6. Be3 Qb6 7. Na4 Qa5+ 8. c3 Nxd4 9. Nxc5 Nc6 10. Nb3 Qe5 11. Bd3 Nf6 12. f4 Qc7 13. 0-0 d6 14. Qf3 Bd7 15. Qg3 g6 16. Qg5 Ng8 17. Rad1 f6 18. Qg3 0-0-0 19. Nd4 a6 20. b4 Nge7 21. b5 Nxd4 22. cxd4 axb5 23. Rc1 Bc6 24. Bxb5 Kd7 25. a4 Qa5 26. Rb1 Rb8 27. Qh3 f5 28. d5 exd5 29. Bd4 Bxb5 30. axb5 Rhc8 31. exf5 gxf5 32. Qxh7 Qd2 33. Bf6 Qe3+ 34. Kh1 Qe6 35. Bxe7 Rh8 36. Qg7 Rbg8 37. Qf6 Qxe7 38. Qxf5+ Ke8 39. Rbe1 1-0

[Event "San Francisco TNM Marathon op"]
[Site "San Francisco"]
[Date "2012.08.21"]
[Round "4"]
[White "Standen, Julian"]
[Black "DeLenea, Digne"]
[Result "1/2-1/2"]
[WhiteElo "1714"]
[BlackElo "1906"]
[PlyCount "71"]
[EventDate "2012.07.31"]
[EventType "swiss"]
[EventRounds "9"]
[EventCountry "USA"]
[SourceTitle "EXT 2014"]
[Source "ChessBase"]
[SourceDate "2013.11.20"]
[SourceVersion "1"]
[SourceVersionDate "2013.11.20"]
[SourceQuality "1"]

1. d4 Nf6 2. Nf3 g6 3. Bg5 Bg7 4. Nbd2 0-0 5. e4 d5 6. Bd3 Nc6 7. c3 dxe4 8. Nxe4 Nxe4 9. Bxe4 Qe8 10. 0-0 Bf5 11. Bxf5 gxf5 12. Qd3 Qd7 13. Rad1 Rad8 14. Qe3 f6 15. Bh6 Rf7 16. Bxg7 Rxg7 17. Rde1 Kh8 18. Qe6 Qd5 19. Qxd5 Rxd5 20. Nh4 Rg4 21. g3 f4 22. Kg2 Rh5 23. Kf3 Rg7 24. Kxf4 e5+ 25. Kf3 Rd7 26. dxe5 Nxe5+ 27. Kg2 Rd2 28. Nf3 Nxf3 29. Kxf3 Rxb2 30. Rb1 Rxb1 31. Rxb1 b6 32. Rd1 Rg5 33. Rd8+ Rg8 34. Rd7 Rg7 35. Rd8+ Rg8 36. Rd7 1/2-1/2

[Event "San Francisco TNM Summer op"]
[Site "San Francisco"]
[Date "2012.06.12"]
[Round "4"]
[White "DeLenea, Digne"]
[Black "Gaffagan, Steven"]
[Result "0-1"]
[WhiteElo "1875"]
[BlackElo "2047"]
[PlyCount "88"]
[EventDate "2012.05.22"]
[EventType "swiss"]
[EventRounds "8"]
[EventCountry "USA"]
[SourceTitle "EXT 2014"]
[Source "ChessBase"]
[SourceDate "2013.11.20"]
[SourceVersion "1"]
[SourceVersionDate "2013.11.20"]
[SourceQuality "1"]

1. d4 Nf6 2. Nf3 g6 3. c4 Bg7 4. Nc3 0-0 5. e4 d6 6. Bg5 h6 7. Bh4 Na6 8. Qd2 c5 9. d5 Bg4 10. Be2 Nc7 11. h3 Bd7 12. g4 b5 13. e5 b4 14. exf6 bxc3 15. bxc3 exf6 16. 0-0 Rb8 17. Bg3 Rb6 18. Rab1 Bc8 19. Rxb6 axb6 20. Rb1 f5 21. Rxb6 Ne8 22. Rb8 fxg4 23. hxg4 Qc7 24. Rb3 Bxg4 25. Nh4 Bxe2 26. Qxe2 Nf6 27. Nxg6 Re8 28. Qd3 fxg6 29. Qxg6 Qe7 30. Kh2 h5 31. Rb6 Qe4 32. Qxe4 Nxe4 33. a4 Ra8 34. f3 Nxg3 35. Kxg3 Rxa4 36. Kh4 Rxc4+ 37. Kxh5 Be5 38. Kg6 Kf8 39. Rb8+ Ke7 40. Rb7+ Kd8 41. Rf7 Rxc3 42. f4 Rf3 43. Rf8+ Ke7 44. Rf7+ Ke8 0-1

[Event "San Francisco TNM Spring op"]
[Site "San Francisco"]
[Date "2012.04.17"]
[Round "6"]
[White "Winslow, Elliott C"]
[Black "DeLenea, Digne"]
[Result "1/2-1/2"]
[WhiteElo "2380"]
[BlackElo "1873"]
[PlyCount "41"]
[EventDate "2012.03.13"]
[EventType "swiss"]
[EventRounds "8"]
[EventCountry "USA"]
[SourceTitle "EXT 2014"]
[Source "ChessBase"]
[SourceDate "2013.11.20"]
[SourceVersion "1"]
[SourceVersionDate "2013.11.20"]
[SourceQuality "1"]

1. e4 e6 2. d4 c5 3. Nf3 cxd4 4. Nxd4 Bc5 5. Nb3 Bb6 6. Nc3 Nc6 7. f4 Nge7 8. Bc4 Na5 9. Nxa5 Bxa5 10. 0-0 Bxc3 11. bxc3 d5 12. exd5 exd5 13. Bb5+ Bd7 14. Bxd7+ Qxd7 15. Ba3 0-0 16. f5 f6 17. Qd3 Rfe8 18. Rad1 Rad8 19. c4 d4 20. c3 Nc6 21. cxd4 1/2-1/2

[Event "San Francisco TNM Spring op"]
[Site "San Francisco"]
[Date "2012.03.20"]
[Round "2"]
[White "DeLenea, Digne"]
[Black "Krasnov, Steven Lender"]
[Result "0-1"]
[WhiteElo "1873"]
[BlackElo "2033"]
[PlyCount "74"]
[EventDate "2012.03.13"]
[EventType "swiss"]
[EventRounds "8"]
[EventCountry "USA"]
[SourceTitle "EXT 2014"]
[Source "ChessBase"]
[SourceDate "2013.11.20"]
[SourceVersion "1"]
[SourceVersionDate "2013.11.20"]
[SourceQuality "1"]

1. d4 Nf6 2. c4 e6 3. Nf3 b6 4. g3 Bb4+ 5. Bd2 Be7 6. Nc3 Bb7 7. Bg2 0-0 8. 0-0 c5 9. e3 h6 10. Re1 Ne4 11. Ne5 Nxc3 12. Bxc3 Qc7 13. d5 exd5 14. Bxd5 Bf6 15. Qf3 Bxd5 16. Qxd5 Nc6 17. Ng6 Bxc3 18. bxc3 Rfe8 19. Rad1 Rad8 20. f4 d6 21. e4 Kh7 22. Nh4 Re6 23. e5 dxe5 24. Qe4+ Kg8 25. Rxd8+ Qxd8 26. f5 Rd6 27. Nf3 f6 28. Nh4 Rd1 29. Kf1 Qd3+ 30. Kg2 Rd2+ 31. Kh3 Qxe4 32. Rxe4 Rxa2 33. Re1 Rd2 34. Ng2 Kf7 35. Ne3 Rd3 36. Nd5 Ne7 37. Re3 Rd2 0-1

[Event "San Francisco TNM Winter op"]
[Site "San Francisco"]
[Date "2012.02.21"]
[Round "8"]
[White "DeLenea, Digne"]
[Black "Dembling, Arthur"]
[Result "1-0"]
[WhiteElo "1868"]
[BlackElo "1736"]
[PlyCount "125"]
[EventDate "2012.01.03"]
[EventType "swiss"]
[EventRounds "8"]
[EventCountry "USA"]
[SourceTitle "EXT 2014"]
[Source "ChessBase"]
[SourceDate "2013.11.20"]
[SourceVersion "1"]
[SourceVersionDate "2013.11.20"]
[SourceQuality "1"]

1. d4 Nf6 2. c4 e6 3. Nc3 Bb4 4. Qc2 d5 5. Bg5 h6 6. Bh4 dxc4 7. Nf3 Nc6 8. e3 b6 9. Bxc4 Bb7 10. 0-0 Be7 11. Bb5 0-0 12. Bxc6 Bxc6 13. Ne5 Bb7 14. Rfd1 Nd5 15. Bg3 a6 16. Rac1 Rc8 17. a3 Bd6 18. Ne4 Qe8 19. Qd3 Ne7 20. Nxd6 cxd6 21. Rxc8 Qxc8 22. Nc4 Qc6 23. f3 Nf5 24. Bf2 Rc8 25. b3 a5 26. e4 Ne7 27. e5 Nf5 28. d5 Qxd5 29. Qxd5 Bxd5 30. Nxb6 Bxb3 31. Nxc8 Bxd1 32. exd6 Ba4 33. Nb6 Bc6 34. d7 Bxd7 35. Nxd7 Nd6 36. Bc5 Nc4 37. a4 Nb2 38. Nb6 Nd3 39. Be3 Kf8 40. Bd2 Ke7 41. Bxa5 Kd6 42. Kf1 Kc6 43. Ke2 Nc1+ 44. Ke3 Nb3 45. Nc4 Kc5 46. Kd3 Nxa5 47. Nxa5 Kb4 48. Nc6+ Kxa4 49. Nd8 Kb5 50. Ke4 Kc5 51. Nxf7 Kc4 52. h4 Kc3 53. g4 Kd2 54. f4 Ke2 55. f5 exf5+ 56. gxf5 Kf2 57. Nxh6 Kg3 58. Nf7 Kxh4 59. Kf4 Kh5 60. Nd8 Kh6 61. Kg4 Kh7 62. Kg5 Kg8 63. Kg6 1-0

[Event "San Francisco TNM Winter op"]
[Site "San Francisco"]
[Date "2012.01.03"]
[Round "1"]
[White "DeLenea, Digne"]
[Black "Morgan, Jerry"]
[Result "1-0"]
[WhiteElo "1868"]
[BlackElo "1447"]
[PlyCount "31"]
[EventDate "2012.01.03"]
[EventType "swiss"]
[EventRounds "8"]
[EventCountry "USA"]
[SourceTitle "EXT 2014"]
[Source "ChessBase"]
[SourceDate "2013.11.20"]
[SourceVersion "1"]
[SourceVersionDate "2013.11.20"]
[SourceQuality "1"]

1. d4 d5 2. c4 c6 3. Nc3 dxc4 4. a4 e5 5. Nf3 exd4 6. Nxd4 Bb4 7. e3 c5 8. Ndb5 Qxd1+ 9. Kxd1 Na6 10. Bxc4 Ke7 11. Nd5+ Kd7 12. Ke2 Ne7 13. Nxb4 cxb4 14. Rd1+ Ke8 15. Nd6+ Kf8 16. Nxf7 1-0